000 00692nam a2200181 a 4500
001 000044010
005 20201002045106.0
008 140513s19881993sp 000 0 spa d
020 _a8420652946 (obra completa)
040 _aDO-SdBNP
_bspa
_cBNPHU
082 _a946.003
_bE561h
245 0 0 _aEnciclopedia de Historia de España /
_cdirigida por Miguel Artola.
260 _aBarcelona :
_bAlianza,
_c1988-1993.
300 _a7 v. ;
_c24 cm.
505 0 _av. 2
_tInstituciones políticas. Imperio --
_gv. 3
_tIglesia. Pensamiento. Cultura --
_gv. 4
_tDicionario biográfico --
_gv. 5
_tDiccionario tematico --
650 4 _aEspaña
_xHistoria
_xEnciclopedias
_971981
700 1 2 _aArtola, Miguel.
_920766
999 _c43499
_d43499